000 00512nam a22001937a 4500
003 OSt
005 20150401150215.0
008 150401b xxu||||| |||| 00| 0 eng d
020 _a9780470261019
040 _cDDC
082 _222nd ed.
_a541.3 ERT 2009
100 _aErrtl, Gerhard
_93523
245 _aReactions at solid surfaces
260 _aNew Jersey;
_bWiley & sons,
_c2009
300 _aix,207p;
_bill:
_c24cm
504 _aReferences, & index included
650 _aSolid
_93524
942 _2ddc
_cO_SHELF
999 _c1328
_d1328